000 02731nam0a2200385 4500
001 RU\NLR\BIBL_A\022139763
005 20240420144640.0
010 _a978-5-6045274-3-6
_935
021 _aRU
_bКН-П-24-001798
_9КН-П-24-0153
035 _a(NLR Aleph) 022139763
035 _a(RuMoRGB)012507007
090 _a12861592
_c12861592
100 _a20240215d2023 k y0rusy50 ca
101 0 _arus
102 _aRU
105 _aa z 000yy
181 0 _ai3
_baxxe
182 0 _an
200 1 _aНизкопрофильные сканирующие антенные системы
_e[монография]
_fЕ. А. Стригова, С. В. Поленга, Ю. П. Саломатов
_gФедеральное государственное автономное образовательное учреждение высшего образования "Сибирский федеральный университет"
203 _aТекст
_bвизуальный
_cнепосредственный
210 _aКрасноярск
_c[б. и.]
_d2023
215 _a176 с.
_cил., цв. ил.
_d21
320 _aБиблиогр.: с. 162-174 (104 назв.)
330 _aМонография посвящена низкопрофильным антенным системам с широкоугольным механоэлектрическим сканированием для спутниковых сетей связи. Рассмотрены различные методы механоэлектрического управления лучом; методы расширения сектора сканирования антенн с механоэлектрическим сканированием. Показана возможность применения частотно-селективных поверхностей и искусственного диэлектрика в антенных системах с широкоугольным механоэлектрическим сканированием для получения высокой направленности при сохранении низкого профиля всей антенны
606 1 _aСпутниковая радиосвязь
_xАнтенны
_92544523
_3RU\NLR\AUTH\6601719560
675 _a621.396.67
_v4
686 _a32.845
_2rubbks
686 1 _aЗ884.17-55
700 1 _aСтригова
_bЕ. А.
_gЕлена Алексеевна
701 1 _aПоленга
_bС. В.
_gСтанислав Владимирович
701 1 _aСаломатов
_bЮ. П.
_gЮрий Петрович
942 _cBOOK
980 _aNB